[Event "4NCL/Div1/BGR1 vs. WGR1"]
[Site "Birmingham ENG"]
[Date "2002.01.20"]
[Round "6.2"]
[White "Short, Nigel"]
[Black "McShane, Luke J"]
[Result "1/2-1/2"]
[WhiteElo "2663"]
[BlackElo "2525"]
[PlyCount "41"]
[EventDate "2002.01.20"]
[SourceDate "2001.01.01"]

1. e4 c5 2. Nc3 Nc6 3. g3 g6 4. Bg2 Bg7 5. d3 d6 6. Be3 Nf6 7. Nge2 Ng4 8. Bd2
O-O 9. h3 Nf6 10. O-O Rb8 11. a3 b5 12. b4 cxb4 13. axb4 Nxb4 14. Rxa7 Nc6 15.
Ra1 e6 16. Rb1 Ba6 17. Na2 Qc7 18. Kh1 d5 19. exd5 Nxd5 20. Nf4 Nce7 21. Nb4
1/2-1/2

[Event "4NCL/Div1/BGR1 vs. WGR1"]
[Site "Birmingham ENG"]
[Date "2002.01.20"]
[Round "6.5"]
[White "Hebden, Mark L"]
[Black "Turner, Matthew J"]
[Result "0-1"]
[WhiteElo "2558"]
[BlackElo "2502"]
[PlyCount "76"]
[EventDate "2002.01.20"]
[SourceDate "2001.01.01"]

1. d4 d5 2. c4 c6 3. Nf3 Nf6 4. e3 Bg4 5. Nbd2 Nbd7 6. h3 Bh5 7. Be2 e6 8. b3
Bd6 9. Bb2 Qe7 10. O-O Ba3 {(=)} 11. Bxa3 Qxa3 12. Ne5 Bxe2 13. Qxe2 a5 14.
Rfc1 Qe7 15. Ndf3 O-O 16. Nxd7 Nxd7 17. e4 dxe4 18. Qxe4 a4 19. b4 Qxb4 20.
Rab1 Qa3 21. c5 Qxa2 22. Rxb7 Nf6 23. Qxc6 a3 24. Rbb1 Qd5 25. Qxd5 Nxd5 26.
Ne5 a2 27. Ra1 Rfb8 28. Nc4 Kf8 29. Kh2 Rb3 30. f3 Rc3 31. Rxc3 Nxc3 32. Nd2 f5
33. Nc4 Ke7 34. h4 Ra4 35. Ne5 Kd8 36. g4 Kc7 37. gxf5 exf5 38. h5 Rxd4 0-1

[Event "4NCL/Div1/BGR1 vs. WGR1"]
[Site "Birmingham ENG"]
[Date "2002.01.20"]
[Round "6.6"]
[White "Ward, Christopher"]
[Black "Gallagher, Joseph G"]
[Result "1/2-1/2"]
[WhiteElo "2486"]
[BlackElo "2503"]
[PlyCount "46"]
[EventDate "2002.01.20"]
[SourceDate "2001.01.01"]

1. d4 Nf6 2. c4 g6 3. f3 Bg7 4. e4 d6 5. Be3 O-O 6. Qd2 Nbd7 7. Nh3 e5 8. Nf2
c6 9. Nc3 a6 10. dxe5 Nxe5 11. O-O-O Be6 12. Qxd6 Qa5 13. Qc5 b5 14. Qb6 Qxb6
15. Bxb6 Nxc4 16. Bxc4 Bxc4 17. Bc5 Rfd8 18. Kc2 Be6 19. b3 Nd7 20. Be3 a5 21.
Nd3 a4 22. Nf4 axb3+ 23. axb3 Ne5 1/2-1/2

[Event "4NCL/Div1/BGR1 vs. WGR1"]
[Site "Birmingham ENG"]
[Date "2002.01.20"]
[Round "6.7"]
[White "Summerscale, Aaron"]
[Black "Emms, John M"]
[Result "1/2-1/2"]
[WhiteElo "2503"]
[BlackElo "2537"]
[PlyCount "48"]
[EventDate "2002.01.20"]
[SourceDate "2001.01.01"]

1. d4 Nf6 2. c4 e6 3. Nc3 Bb4 4. f3 d5 5. a3 Bxc3+ 6. bxc3 c5 7. cxd5 Nxd5 8.
dxc5 Nd7 9. e4 Ne7 10. Be3 O-O 11. Nh3 Qa5 12. Qb3 Qc7 13. Qc4 Nc6 14. Be2 Na5
15. Qb4 b6 16. cxb6 axb6 17. O-O Ba6 18. Bxa6 Rxa6 19. Rfd1 Nc5 20. Rab1 Nc6
21. Qb5 Na7 22. Qb4 Nc6 23. Qb5 Na7 24. Qb4 Nc6 1/2-1/2

[Event "4NCL/Div1/BGR1 vs. WGR1"]
[Site "Birmingham ENG"]
[Date "2002.01.20"]
[Round "6.8"]
[White "Hunt, Harriet"]
[Black "Sheldon, Ruth"]
[Result "0-1"]
[WhiteElo "2411"]
[BlackElo "2310"]
[PlyCount "126"]
[EventDate "2002.01.20"]
[SourceDate "2001.01.01"]

1. e4 c5 2. Nf3 e6 3. d4 cxd4 4. Nxd4 Nc6 5. Nc3 Qc7 6. Be2 a6 7. O-O Nf6 8.
Kh1 Nxd4 9. Qxd4 Bc5 10. Qd3 b5 11. f4 Bb7 12. Bf3 h5 13. Bd2 Rc8 14. e5 Ng4
15. Bxb7 Qxb7 16. Ne4 Qc6 17. a3 Be7 18. Bb4 Qxc2 19. Nd6+ Kf8 20. Qxc2 Rxc2
21. Rac1 Rc6 22. Rxc6 dxc6 23. Rc1 g5 24. Rxc6 Kg7 25. fxg5 Bxg5 26. Rc7 Nxe5
27. Bc3 Bf6 28. Ne4 Ng4 29. Nxf6 Nxf6 30. Rc5 Rd8 31. h4 Rd5 32. Rc6 a5 33.
Bxa5 Ng4 34. g3 Rf5 35. Rc1 Kg6 36. Bb6 Rd5 37. Rc2 e5 38. Re2 Kf5 39. Kg2 Rd3
40. Rc2 Ke4 41. Re2+ Kd5 42. Rc2 Rb3 43. Kh3 Ke4 44. Ba5 f5 45. Bc3 Kf3 46. Rd2
Nf2+ 47. Rxf2+ Kxf2 48. Bxe5 Rd3 49. Kh2 Kf1 50. Bf4 Rf3 51. Kh1 Rb3 52. Be5
Re3 53. Bd6 Re6 54. Bc5 Rc6 55. Bd4 Rc1 56. Be5 Kf2+ 57. Kh2 Kf3 58. Bd4 Kg4
59. Be5 Rc2+ 60. Kg1 Re2 61. Bd6 Rxb2 62. Kf1 Rd2 63. Be5 Rd3 0-1

[Event "4NCL/Div1/MMO vs. WES"]
[Site "Birmingham ENG"]
[Date "2002.01.20"]
[Round "6.1"]
[White "Ledger, Andrew J"]
[Black "Rossiter, Philip J"]
[Result "1-0"]
[WhiteElo "2399"]
[BlackElo "2380"]
[PlyCount "97"]
[EventDate "2002.01.20"]
[SourceDate "2001.01.01"]

1. Nf3 f5 2. d3 d6 3. g3 Nf6 4. Bg2 g6 5. O-O Bg7 6. c4 O-O 7. Nc3 e5 8. Rb1 a5
9. a3 Nc6 10. b4 axb4 11. axb4 h6 12. b5 Ne7 13. Qb3 Be6 14. Ba3 g5 15. Nd2 c6
16. Ra1 f4 17. Nde4 Nxe4 18. Nxe4 Nf5 19. Bb2 Qb6 20. Rxa8 Rxa8 21. Bh3 Qc7 22.
Ra1 Rxa1+ 23. Bxa1 Kh7 24. Qa4 Bd7 25. bxc6 bxc6 26. Bc3 d5 27. Nc5 Bc8 28. Qa8
fxg3 29. hxg3 Ne7 30. Bxc8 Qxc8 31. Qa7 Ng6 32. Nd7 Kh8 33. c5 d4 34. Ba5 Qg8
35. Qb8 Qxb8 36. Nxb8 Bf8 37. Bb6 Ne7 38. Bc7 Nf5 39. Bxe5+ Kg8 40. g4 Ne7 41.
Bxd4 Kf7 42. Kg2 h5 43. gxh5 Nf5 44. Nxc6 Nxd4 45. Nxd4 Bxc5 46. Nf5 Kf6 47. e4
g4 48. Kg3 Kg5 49. h6 1-0

[Event "4NCL/Div1/MMO vs. WES"]
[Site "Birmingham ENG"]
[Date "2002.01.20"]
[Round "6.2"]
[White "Poulton, James"]
[Black "Pert, Nicholas"]
[Result "0-1"]
[WhiteElo "2409"]
[BlackElo "2451"]
[PlyCount "136"]
[EventDate "2002.01.20"]
[SourceDate "2001.01.01"]

1. e4 e6 2. d4 d5 3. Nc3 Bb4 4. e5 c5 5. a3 Bxc3+ 6. bxc3 Qa5 7. Qd2 Nc6 8. Nf3
b6 9. dxc5 bxc5 10. a4 Ba6 11. Bxa6 Qxa6 12. Ba3 Rc8 13. Qd3 Qxa4 14. O-O Qa5
15. Qe3 Nge7 16. Rfb1 Nd8 17. Bb4 Qc7 18. Ba5 Qd7 19. Bxd8 Qxd8 20. Rxa7 O-O
21. Rb5 Nf5 22. Qc1 {(=)} 22... Rc7 23. Qa3 Rxa7 24. Qxa7 c4 25. h3 Qa8 26. Rb7
Qxa7 27. Rxa7 Rc8 28. Nd4 Nxd4 29. cxd4 Rb8 30. Ra1 h5 31. Kf1 Kh7 32. Ke2 Kg6
33. Kd2 f6 34. Re1 Rb6 35. Re3 Kf7 36. Kc1 Rb4 37. Kd2 Rb1 38. exf6 gxf6 39. h4
Rg1 40. g3 Rf1 41. Ke2 Rg1 42. Kd2 Ra1 43. Rf3 Ra2 44. Re3 Ra8 45. Re1 Ra3 46.
Rb1 Kg6 47. Rb6 Kf5 48. Rd6 Ra1 49. Ke2 Ra2 50. Kd2 Ra1 51. Ke2 Ke4 52. Rxe6+
Kxd4 53. Rd6 Ra2 54. Kd1 f5 55. Rd8 c3 56. Rb8 Ra1+ 57. Ke2 Rc1 58. Rb4+ Kc5
59. Rf4 d4 60. Rxf5+ Kc4 61. Rf8 Rxc2+ 62. Kd1 Ra2 63. Rf4 Kb3 64. Rf8 d3 65.
Rb8+ Kc4 66. Rc8+ Kd4 67. Rd8+ Ke4 68. Re8+ Kf5 0-1

[Event "4NCL/Div1/MMO vs. WES"]
[Site "Birmingham ENG"]
[Date "2002.01.20"]
[Round "6.3"]
[White "Hunt, Adam C"]
[Black "Webb, Richard M"]
[Result "1/2-1/2"]
[WhiteElo "2356"]
[BlackElo "2361"]
[PlyCount "40"]
[EventDate "2002.01.20"]
[SourceDate "2001.01.01"]

1. e4 c5 2. Nf3 d6 3. c3 Nf6 4. Be2 g6 5. O-O Bg7 6. Re1 O-O 7. Bf1 Nc6 8. h3
e5 9. d3 h6 10. a3 d5 11. Qc2 Rb8 12. b4 cxb4 13. axb4 b5 14. Nbd2 Qc7 15. Qb2
Be6 16. Nb3 Nd7 17. Ra6 Rfc8 18. Bd2 Bf8 19. Rea1 Nb6 20. R6a3 Na4 1/2-1/2

[Event "4NCL/Div1/MMO vs. WES"]
[Site "Birmingham ENG"]
[Date "2002.01.20"]
[Round "6.4"]
[White "Corkett, Anthony R"]
[Black "Williams, Simon K"]
[Result "1-0"]
[WhiteElo "2316"]
[BlackElo "2300"]
[PlyCount "93"]
[EventDate "2002.01.20"]
[SourceDate "2001.01.01"]

1. e4 c5 2. Nc3 Nc6 3. Bb5 Nd4 4. Nf3 Nxb5 5. Nxb5 d5 6. exd5 a6 7. Nc3 Nf6 8.
d4 Nxd5 9. dxc5 Nxc3 10. Qxd8+ Kxd8 11. bxc3 f6 12. O-O e5 13. Be3 Bf5 14. Rab1
Kc7 15. Rb2 Be4 16. Nd2 Bd5 17. f4 Be7 18. c4 Bc6 19. fxe5 fxe5 20. Rbb1 Bf6
21. Nb3 a5 22. Bd2 Ra7 23. Bxa5+ Kd7 24. a3 e4 25. Bb4 e3 26. Rbe1 Re8 27. Re2
Re4 28. Rf3 Bg5 29. Rf7+ Ke6 30. Rxg7 Bh4 31. g3 Bf6 32. Rxh7 Be8 33. c6 Bxc6
34. Nc5+ Kf5 35. Nxe4 Bxe4 36. Rf7 Kg6 37. Rxf6+ Kxf6 38. Rxe3 Kf5 39. Kf2 Bc6
40. h3 Ra8 41. g4+ Kg6 42. h4 Rd8 43. h5+ Kf7 44. g5 Rd4 45. Re7+ Kg8 46. h6
Be4 47. Ke3 1-0

[Event "4NCL/Div1/MMO vs. WES"]
[Site "Birmingham ENG"]
[Date "2002.01.20"]
[Round "6.5"]
[White "Ledger, David J"]
[Black "Yeo, Michael J"]
[Result "1/2-1/2"]
[WhiteElo "2298"]
[BlackElo "2206"]
[PlyCount "135"]
[EventDate "2002.01.20"]
[SourceDate "2001.01.01"]

1. e4 e5 2. Bc4 Nf6 3. d3 Nc6 4. Nf3 Bc5 5. c3 a6 6. Bb3 Ba7 7. O-O O-O 8. Re1
d6 9. Nbd2 Ng4 10. Re2 Kh8 11. h3 Nh6 12. Nf1 f5 13. N1h2 f4 14. Bd5 g5 15. d4
Qf6 16. Bxc6 bxc6 17. dxe5 dxe5 18. b3 Nf7 19. Ng4 Bxg4 20. hxg4 Rad8 21. Rd2
h5 22. Nh2 Rxd2 23. Bxd2 Rd8 24. Qe2 Nh6 25. Be1 Qe6 26. Rd1 Rf8 27. gxh5 g4
28. Kh1 f3 29. Qxa6 g3 30. Qxa7 gxh2 31. Qxc7 fxg2+ 32. Kxh2 g1=Q+ 33. Kxg1
Qg4+ 34. Kf1 Qxd1 35. Qxe5+ Kh7 36. Qd4 Qxd4 37. cxd4 Ra8 38. a4 Ng4 39. Ke2
Nf6 40. Kd3 Nxh5 41. Bd2 Nf6 42. f4 Kg6 43. f5+ Kf7 44. Bg5 Nxe4 45. Kxe4 Rb8
46. a5 Rxb3 47. Bd8 Rb8 48. Bg5 Rb3 49. Bd8 Rb8 50. Bc7 Re8+ 51. Kd3 Kf6 52.
Kc4 Rc8 53. Bg3 Kxf5 54. Kc5 Ke4 55. Be1 Kd3 56. Bg3 Ke4 57. Be5 Ra8 58. Bc7
Rg8 59. Bb6 Rg5+ 60. Kb4 Rb5+ 61. Kc4 Rb1 62. Bc5 Ra1 63. Bb4 Ra2 64. Bc3 Ra3
65. Bb4 Ra2 66. Kb3 Rxa5 67. Bxa5 Kxd4 68. Bb6+ 1/2-1/2

[Event "4NCL/Div1/MMO vs. WES"]
[Site "Birmingham ENG"]
[Date "2002.01.20"]
[Round "6.6"]
[White "Upton, Ian J"]
[Black "Eames, Robert G"]
[Result "1/2-1/2"]
[WhiteElo "2238"]
[BlackElo "2327"]
[PlyCount "83"]
[EventDate "2002.01.20"]
[SourceDate "2001.01.01"]

1. d4 Nf6 2. c4 c5 3. d5 b5 4. cxb5 a6 5. bxa6 g6 6. Nc3 Bxa6 7. Nf3 d6 8. e4
Bxf1 9. Kxf1 Nbd7 10. g3 Bg7 11. Kg2 O-O 12. Re1 Ra6 13. h3 Qa8 14. a4 e6 15.
dxe6 fxe6 16. Ra3 d5 17. Qc2 c4 18. exd5 exd5 19. Nb5 Qb7 20. b3 cxb3 21. Qxb3
Nc5 22. Qb4 Nfe4 23. Re2 Ne6 24. Qe1 Rfa8 25. Rea2 Bf8 26. Rb3 N6c5 27. Re3
Nxa4 28. Nfd4 Nac5 29. Rxa6 Rxa6 30. Ba3 Bh6 31. Re2 Nb3 32. Qb4 Nxd4 33. Nxd4
Qxb4 34. Bxb4 Bg7 35. f3 Nd6 36. Bc5 Kf7 37. g4 Bf6 38. Rb2 Bxd4 39. Bxd4 h5
40. Kf2 hxg4 41. hxg4 Ke6 42. Re2+ 1/2-1/2

[Event "4NCL/Div1/MMO vs. WES"]
[Site "Birmingham ENG"]
[Date "2002.01.20"]
[Round "6.7"]
[White "Ledger, Stephen C"]
[Black "Simons, Martin J"]
[Result "0-1"]
[WhiteElo "2168"]
[BlackElo "2230"]
[PlyCount "80"]
[EventDate "2002.01.20"]
[SourceDate "2001.01.01"]

1. d4 Nf6 2. c4 c5 3. d5 b5 4. cxb5 a6 5. b6 d6 6. Nc3 g6 7. e4 Bg7 8. Qb3 Bb7
9. a4 a5 10. Nf3 Nfd7 11. Bb5 O-O 12. O-O Nxb6 13. Bg5 h6 14. Bh4 Qc7 15. Nd2
Na6 16. Rfe1 Nb4 17. Rad1 Rab8 18. Bg3 Rfc8 19. Nc4 Nxc4 20. Bxc4 Ba6 21. Nb5
Bxb5 22. axb5 a4 23. Qxa4 Bxb2 24. Qb3 Bd4 25. Bf4 Ra8 26. Bd2 Ra2 27. Bxb4 Rb2
28. Qd3 Bxf2+ 29. Kf1 cxb4 30. Re2 Rxe2 31. Kxe2 Qxc4 32. Qxc4 Rxc4 33. Kxf2 b3
34. Ke3 b2 35. Rb1 Rb4 36. h4 Kg7 37. g4 f5 38. gxf5 gxf5 39. exf5 Kf6 40. Kd3
Kxf5 0-1

[Event "4NCL/Div1/MMO vs. WES"]
[Site "Birmingham ENG"]
[Date "2002.01.20"]
[Round "6.8"]
[White "Howard, Emily"]
[Black "Tidman, Sophie"]
[Result "0-1"]
[WhiteElo "2017"]
[BlackElo "2119"]
[PlyCount "90"]
[EventDate "2002.01.20"]
[SourceDate "2001.01.01"]

1. e4 e6 2. d4 d5 3. Nc3 Bb4 4. Nge2 Nc6 5. e5 f6 6. exf6 Qxf6 7. Be3 Nge7 8.
a3 Ba5 9. Qd3 Bd7 10. O-O-O O-O-O 11. Ng3 Be8 12. Qd2 h6 13. Be2 Kb8 14. Rhe1
Nc8 15. f3 a6 16. Bf1 Nd6 17. Bf2 Bf7 18. Kb1 Na7 19. b4 Bb6 20. Na4 Nab5 21.
Ka2 Rhe8 22. Nc5 e5 23. a4 Nc4 24. dxe5 Nxd2 25. exf6 Nc3+ 26. Kb2 Nxd1+ 27.
Rxd1 Nxf1 28. Rxf1 gxf6 29. Bd4 Rd6 30. Nf5 Bxc5 31. Bxc5 Rd7 32. Nxh6 Bg6 33.
Ng4 Re2 34. Rf2 Rxf2 35. Nxf2 b6 36. Bd4 Re7 37. Bxf6 Re2 38. Bd4 Rxc2+ 39. Kb3
c5 40. bxc5 bxc5 41. Be5+ Kc8 42. Ng4 d4 43. g3 c4+ 44. Kb4 d3 45. Ne3 Re2 0-1

[Event "4NCL/Div1/SLO1 vs. WGR2"]
[Site "Birmingham ENG"]
[Date "2002.01.20"]
[Round "6.1"]
[White "Fernandes, Antonio"]
[Black "Littlewood, Paul E"]
[Result "1/2-1/2"]
[WhiteElo "2449"]
[BlackElo "2403"]
[PlyCount "181"]
[EventDate "2002.01.20"]
[SourceDate "2001.01.01"]

1. d4 d5 2. c4 e6 3. Nf3 Nf6 4. e3 c5 5. Nc3 Nc6 6. a3 a6 7. h3 h6 8. Bd3 Be7
9. O-O O-O 10. cxd5 exd5 11. dxc5 Bxc5 12. b4 Ba7 13. Ne2 Qe7 14. Bb2 Ne4 15.
Ned4 Nxd4 16. Nxd4 Re8 17. Qh5 Qd6 18. Rfd1 Ng5 19. h4 Ne4 20. Bxe4 Rxe4 21.
Nf5 Bxf5 22. Qxf5 Rd8 23. g3 Rc4 24. Rd3 Qe6 25. Qf3 Rc2 26. Bd4 Bxd4 27. Rxd4
Rc4 28. Rad1 Rxd4 29. Rxd4 Rd7 30. Qd1 f5 31. Qd3 g5 32. b5 axb5 33. Qxb5 Kf7
34. Qe2 Kg6 35. Rb4 d4 36. h5+ Kh7 37. Qd3 dxe3 38. Qxe3 Qxe3 39. fxe3 Re7 40.
Kf2 Kg7 41. Rb6 Rf7 42. Ke2 Rc7 43. Kd3 Rd7+ 44. Kc3 Re7 45. Kd2 Rd7+ 46. Ke2
Re7 47. Kf3 Rc7 48. Rg6+ Kh7 49. Rf6 Rc5 50. Rf7+ Kg8 51. Rxb7 Ra5 52. Rb3 Ra6
53. Rb4 Rxa3 54. Rb5 Kf7 55. Rxf5+ Ke6 56. Rb5 Ra6 57. Rc5 Rb6 58. Rc8 Ra6 59.
Rb8 Ke5 60. Re8+ Kf6 61. Rf8+ Ke5 62. Rg8 Rb6 63. Kg4 Rb4+ 64. Kf3 Rb6 65. Ra8
Ke6 66. e4 Kf6 67. Rf8+ Kg7 68. Ra8 Kf7 69. Rh8 Kg7 70. Ra8 Kf6 71. Kg4 Re6 72.
Kf3 Rb6 73. Ra5 Ke6 74. Kg4 Kf6 75. Rf5+ Ke6 76. Rc5 Kf6 77. Ra5 Ke6 78. Ra7
Ke5 79. Re7+ Kf6 80. Re8 Rb4 81. Rf8+ Kg7 82. Re8 Kf7 83. Re5 Kf6 84. Rf5+ Ke6
85. Kf3 Rb2 86. Kg4 Rb4 87. Ra5 Rxe4+ 88. Kf3 Rb4 89. Ra6+ Kf5 90. g4+ Ke5 91.
Ra5+ 1/2-1/2

[Event "4NCL/Div1/SLO1 vs. WGR2"]
[Site "Birmingham ENG"]
[Date "2002.01.20"]
[Round "6.2"]
[White "Levitt, Jonathan P"]
[Black "Houska, Jovanka"]
[Result "1/2-1/2"]
[WhiteElo "2412"]
[BlackElo "2380"]
[PlyCount "80"]
[EventDate "2002.01.20"]
[SourceDate "2001.01.01"]

1. d4 d5 2. c4 c6 3. cxd5 cxd5 4. Bf4 Nf6 5. Nc3 Nc6 6. e3 a6 7. Bd3 Bg4 8.
Nge2 e6 9. O-O Be7 10. f3 Bh5 11. a3 O-O 12. b4 b5 13. Nc1 Rc8 14. N3e2 Qb6 15.
g4 Bg6 16. Bxg6 hxg6 17. Nd3 Rfd8 18. Qd2 Ne8 19. Rac1 Bd6 20. Nc5 Bxf4 21.
Nxf4 Nd6 22. Qd3 Nc4 23. Rfe1 {(=)} 23... e5 24. Ng2 Ne7 25. f4 e4 26. Qc3 Ra8
27. Ra1 a5 28. Reb1 Qc6 29. h3 Ra7 30. bxa5 Rxa5 31. a4 Rc8 32. axb5 Rxb5 33.
Rb4 Rcb8 34. Rab1 Kh7 35. Rxb5 Rxb5 36. Rxb5 Qxb5 37. Qb3 Qa5 38. Qb7 Qa1+ 39.
Kh2 Qa2 40. Qxe7 Nxe3 1/2-1/2

[Event "4NCL/Div1/SLO1 vs. WGR2"]
[Site "Birmingham ENG"]
[Date "2002.01.20"]
[Round "6.3"]
[White "Wohl, Aleksandar H"]
[Black "Martin, Andrew D"]
[Result "1/2-1/2"]
[WhiteElo "2395"]
[BlackElo "2443"]
[PlyCount "26"]
[EventDate "2002.01.20"]
[SourceDate "2001.01.01"]

1. Nf3 Nf6 2. b3 c5 3. Bb2 b6 4. d3 e6 5. Nbd2 Be7 6. e3 Bb7 7. Qe2 d5 8. Ne5
O-O 9. g4 Nfd7 10. Nxd7 Nxd7 11. Bg2 Qc7 12. h4 Bf6 13. Bxf6 Nxf6 1/2-1/2

[Event "4NCL/Div1/SLO1 vs. WGR2"]
[Site "Birmingham ENG"]
[Date "2002.01.20"]
[Round "6.4"]
[White "Lee, Graham D"]
[Black "McNab, Colin A"]
[Result "1-0"]
[WhiteElo "2338"]
[BlackElo "2425"]
[PlyCount "171"]
[EventDate "2002.01.20"]
[SourceDate "2001.01.01"]

1. e4 g6 2. d4 d6 3. Nc3 Bg7 4. Be2 Nf6 5. Be3 c6 6. Qd2 Qa5 7. Bf3 Nbd7 8. Bh6
Bxh6 9. Qxh6 c5 10. O-O-O cxd4 11. Rxd4 Ne5 12. Be2 a6 13. Nh3 b5 14. Nf4 Bb7
15. Kb1 O-O-O 16. Nfd5 Nxd5 17. Nxd5 e6 18. Qh3 Rd7 19. Nf6 Rdd8 20. Rhd1 Nc6
21. R4d2 Kc7 22. Qg3 Qb4 23. Qe3 h5 24. f4 Bc8 25. Bf3 Qc5 26. Qxc5 dxc5 27. e5
Rxd2 28. Rxd2 Rd8 29. Kc1 Rxd2 30. Kxd2 Nd8 31. g4 hxg4 32. Bxg4 Bb7 33. h4 Bc6
34. h5 gxh5 35. Bxh5 a5 36. Ke3 b4 37. b3 a4 38. bxa4 Bxa4 39. Kd3 Bb5+ 40. c4
Bc6 41. Kc2 Ba4+ 42. Kb2 Bc6 43. Kb3 Kc8 44. a3 bxa3 45. Kxa3 Kc7 46. Kb3 Kc8
47. Kc3 Kc7 48. Kd3 Kc8 49. Ke3 Kc7 50. Kf2 Kb6 51. Nh7 Be4 52. Ng5 Bg6 53.
Bxg6 fxg6 54. Ne4 Ka5 55. Kg3 Kb4 56. Nd6 Kc3 57. Kg4 Kd4 58. Kg5 Ke3 59. Nb5
Nc6 60. Nc7 Nd4 61. Kf6 Kd3 62. Nxe6 Kxc4 63. Nxd4 cxd4 64. e6 d3 65. e7 d2 66.
e8=Q d1=Q 67. Qe6+ Kb5 68. Kxg6 Qg1+ 69. Kf7 Qa7+ 70. Kf6 Qa8 71. f5 Qf3 72.
Kf7 Ka4 73. f6 Qh5+ 74. Kg7 Qg5+ 75. Kf8 Qh6+ 76. Ke8 Qg6+ 77. Ke7 Qg5 78. Kd7
Ka5 79. f7 Qb5+ 80. Ke7 Qb4+ 81. Qd6 Qe4+ 82. Kd8 Qh4+ 83. Kc8 Qh3+ 84. Qd7 Qf3
85. Qa7+ Kb5 86. Qb7+ 1-0

[Event "4NCL/Div1/SLO1 vs. WGR2"]
[Site "Birmingham ENG"]
[Date "2002.01.20"]
[Round "6.5"]
[White "Howell, David W.L"]
[Black "Tiller, Bjorn"]
[Result "0-1"]
[WhiteElo "2237"]
[BlackElo "2383"]
[PlyCount "80"]
[EventDate "2002.01.20"]
[SourceDate "2001.01.01"]

1. e4 e6 2. d4 d5 3. e5 c5 4. c3 Nc6 5. Nf3 Qb6 6. Be2 cxd4 7. cxd4 Nh6 8. Nc3
Nf5 9. Na4 Qa5+ 10. Bd2 Bb4 11. Bc3 b5 12. a3 Bxc3+ 13. Nxc3 b4 14. axb4 Qxb4
15. Bb5 Bd7 16. Bxc6 Bxc6 17. Qd2 Bb5 18. Nxb5 Qxb5 19. Ra5 Qb6 20. O-O O-O 21.
Rfa1 Rfb8 22. Ra6 Qb7 23. h3 h6 24. Qa5 Qxb2 25. Rxa7 Rxa7 26. Qxa7 Rc8 27. g4
Rc3 28. Ne1 Nxd4 29. Ra2 Qb1 30. Qxd4 Qxe1+ 31. Kg2 Rc4 32. Qd3 Qe4+ 33. Qf3
Qxf3+ 34. Kxf3 Re4 35. Ra8+ Kh7 36. Ra7 Kg6 37. h4 Rxe5 38. h5+ Kf6 39. Kg3 d4
40. f4 Rd5 0-1

[Event "4NCL/Div1/SLO1 vs. WGR2"]
[Site "Birmingham ENG"]
[Date "2002.01.20"]
[Round "6.6"]
[White "Law, Andrew P"]
[Black "Houska, Miroslav"]
[Result "1/2-1/2"]
[WhiteElo "2302"]
[BlackElo "2300"]
[PlyCount "93"]
[EventDate "2002.01.20"]
[SourceDate "2001.01.01"]

1. Nf3 c5 2. c4 Qc7 3. Nc3 e6 4. e3 a6 5. d4 Nf6 6. Bd3 b6 7. O-O Bb7 8. b3 Bd6
9. Bb2 Ng4 10. h3 Bh2+ 11. Kh1 Bg1 12. Ne4 f5 13. hxg4 fxe4 14. Nxg1 exd3 15.
Qxd3 O-O 16. Nh3 Rf6 17. Rad1 cxd4 18. Qxd4 Rg6 19. f3 Qg3 20. Kg1 Qc7 21. Qe5
Qxe5 22. Bxe5 Bc6 23. Nf4 Rg5 24. Bc7 b5 25. Nh3 Rg6 26. c5 a5 27. e4 Na6 28.
Bd6 a4 29. Nf4 Rg5 30. Nd3 b4 31. Bf4 Rg6 32. Ne5 Rf6 33. Bg5 axb3 34. axb3
Nxc5 35. Nxc6 dxc6 36. Bxf6 gxf6 37. Rd4 Rb8 38. Rb1 Rb6 39. Kf2 e5 40. Rd8+
Kf7 41. Ra8 Ne6 42. Ke3 Rb5 43. Rh1 Rc5 44. Rxh7+ Kg6 45. Re7 Rc3+ 46. Kf2 Nf4
47. Rg8+ 1/2-1/2

[Event "4NCL/Div1/SLO1 vs. WGR2"]
[Site "Birmingham ENG"]
[Date "2002.01.20"]
[Round "6.7"]
[White "Devereaux, Maxim"]
[Black "Tan, Desmond"]
[Result "1/2-1/2"]
[WhiteElo "2282"]
[BlackElo "2281"]
[PlyCount "180"]
[EventDate "2002.01.20"]
[SourceDate "2001.01.01"]

1. Nf3 Nf6 2. d4 e6 3. c4 c5 4. e3 cxd4 5. exd4 b6 6. Nc3 Bb7 7. Be2 Bb4 8. Qb3
Bxc3+ 9. bxc3 O-O 10. c5 Ba6 11. Ba3 bxc5 12. Bxc5 d6 13. Ba3 Bxe2 14. Kxe2 Qc7
15. Rhc1 Nc6 16. c4 Rac8 17. Qa4 Rfe8 18. Kf1 e5 19. d5 e4 20. Nh4 Ne5 21. Nf5
Red8 22. c5 Nd3 23. cxd6 Qb6 24. Ne7+ Kh8 25. Rc2 Rxc2 26. Qxc2 Qa6 27. Nc6 Rg8
28. d7 Nxd7 29. Bd6 Nf6 30. Qe2 Nxd5 31. Ne5 Re8 32. Kg1 Kg8 33. Nxd3 Qxd3 34.
Re1 Qxe2 35. Rxe2 f5 36. h3 Rc8 37. g4 g6 38. Rd2 Nb6 39. Bf4 Kf7 40. gxf5 gxf5
41. Rd6 Rc5 42. Be3 Ra5 43. Kh2 Rxa2 44. Kg3 Nc4 45. Rd7+ Ke6 46. Rxa7 Rxa7 47.
Bxa7 Ne5 48. Kf4 h6 49. Bb8 Ng6+ 50. Ke3 Kd5 51. Bg3 Kc4 52. Bc7 Kd5 53. Bg3
Ke6 54. Bc7 Ne7 55. Kd4 Nd5 56. Bb8 Nb4 57. Ke3 Nc2+ 58. Kd2 Nd4 59. Bf4 h5 60.
Bc7 Nf3+ 61. Ke3 Ng1 62. Kf4 h4 63. Bd8 Nxh3+ 64. Ke3 Kd5 65. Bxh4 f4+ 66. Ke2
Ng1+ 67. Kf1 Nf3 68. Bd8 Kd4 69. Bc7 Ne5 70. Ke2 f3+ 71. Ke1 Nc4 72. Bf4 Kd3
73. Bh6 Kc2 74. Bg7 Na5 75. Bd4 Nb3 76. Bf6 Nc1 77. Bg5 Nd3+ 78. Kf1 Kd1 79.
Be3 Nb2 80. Bg5 Nc4 81. Bh4 Nd2+ 82. Kg1 Ke1 83. Kh2 Nf1+ 84. Kg1 Nd2 85. Kh2
Nc4 86. Kg1 Nd6 87. Bg3 Nf5 88. Bc7 e3 89. Bb6 Kd1 90. fxe3 Nxe3 1/2-1/2

[Event "4NCL/Div1/SLO1 vs. WGR2"]
[Site "Birmingham ENG"]
[Date "2002.01.20"]
[Round "6.8"]
[White "Jackson, Sheila A"]
[Black "Smith, Andrew P"]
[Result "1/2-1/2"]
[WhiteElo "2183"]
[BlackElo "2223"]
[PlyCount "115"]
[EventDate "2002.01.20"]
[SourceDate "2001.01.01"]

1. e4 c5 2. c3 d5 3. exd5 Qxd5 4. d4 Nf6 5. Nf3 e6 6. Be2 Be7 7. O-O O-O 8. Be3
cxd4 9. cxd4 Nc6 10. Nc3 Qa5 11. a3 Nd5 12. Nxd5 Qxd5 13. Qc2 Bd7 14. Bc4 Qh5
15. Rfd1 Rac8 16. Qe2 Na5 17. Ne5 Qxe2 18. Bxe2 Ba4 19. Rdc1 Nb3 20. Rxc8 Rxc8
21. Rb1 Bf6 22. f4 b6 23. Kf1 h6 24. Ke1 Bc6 25. Nxc6 Rxc6 26. Bf3 Rd6 27. Rd1
Nxd4 28. Be4 g5 29. fxg5 hxg5 30. a4 Kf8 31. h3 Ke7 32. b4 Nc6 33. b5 Rxd1+ 34.
Kxd1 Na5 35. Kc2 Nc4 36. Bf2 Kd6 37. Bh7 Bg7 38. g4 Kd5 39. Bg8 f6 40. Kb3 Na5+
41. Kc2 Bf8 42. h4 gxh4 43. Bxh4 Be7 44. Bg3 Nc4 45. Bb8 Ne3+ 46. Kb3 Nxg4 47.
Bxa7 Bd8 48. a5 bxa5 49. b6 Kc6 50. Bxe6 Ne5 51. b7 Kxb7 52. Bd4 Nc6 53. Bc3
Kc7 54. Ka4 Kd6 55. Bf5 Kd5 56. Bd7 Kd6 57. Bxc6 Kxc6 58. Bxf6 1/2-1/2

[Event "4NCL/Div1/GUI1 vs. BAR1"]
[Site "Birmingham ENG"]
[Date "2002.01.20"]
[Round "6.1"]
[White "Plaskett, James"]
[Black "Parker, Jonathan"]
[Result "1/2-1/2"]
[WhiteElo "2474"]
[BlackElo "2532"]
[PlyCount "49"]
[EventDate "2002.01.20"]
[SourceDate "2001.01.01"]

1. c4 e5 2. Nc3 Nf6 3. Nf3 Nc6 4. g3 d5 5. cxd5 Nxd5 6. d3 Be7 7. Bg2 Nb6 8.
O-O O-O 9. Be3 Be6 10. a3 a5 11. Na4 e4 12. Ne1 Nxa4 13. Qxa4 exd3 14. Nxd3 Bd5
15. Bh3 Nb8 16. Nf4 Bc6 17. Qc4 Nd7 18. Rfd1 Bd6 19. Rac1 Re8 20. Nd5 Nf6 21.
Bg2 Nxd5 22. Bxd5 Bxd5 23. Qxd5 Qc8 24. Rc2 Re6 25. Kg2 1/2-1/2

[Event "4NCL/Div1/GUI1 vs. BAR1"]
[Site "Birmingham ENG"]
[Date "2002.01.20"]
[Round "6.2"]
[White "Palliser, Richard"]
[Black "Rowson, Jonathan"]
[Result "0-1"]
[WhiteElo "2443"]
[BlackElo "2512"]
[PlyCount "102"]
[EventDate "2002.01.20"]
[SourceDate "2001.01.01"]

1. d4 e6 2. c4 Nf6 3. Nf3 b6 4. a3 Ba6 5. Qc2 Bb7 6. Nc3 c5 7. e4 cxd4 8. Nxd4
Bc5 9. Nb3 Nc6 10. Bg5 h6 11. Bh4 Nd4 12. Nxd4 Bxd4 13. O-O-O Bxc3 14. Qxc3
Bxe4 15. Qd4 Bc6 16. f4 Rc8 17. Kb1 O-O 18. Rg1 d5 19. Qe5 Nd7 20. Qe1 Qc7 21.
f5 Rfe8 22. Bg3 Qb7 23. fxe6 Rxe6 24. Qd2 Nf6 25. cxd5 Bxd5 26. Bd3 Be4 27. Qb4
Bxd3+ 28. Rxd3 Re2 29. Rd2 Rxd2 30. Qxd2 Qe4+ 31. Ka1 Rc2 32. Qf4 Qxf4 33. Bxf4
g5 34. Bb8 Nd7 35. Kb1 Rc5 36. Bg3 Rd5 37. Kc2 f5 38. Be1 Kf7 39. Bb4 a5 40.
Bc3 Nc5 41. h4 Ne4 42. hxg5 hxg5 43. Rh1 Kg6 44. Be1 f4 45. Rh8 Kf5 46. b4 a4
47. Rf8+ Kg4 48. Re8 Ng3 49. Kc3 b5 50. Bf2 Nf5 51. Re1 Nd6 0-1